| 000 | 00496nam a2200193Ia 4500 | ||
|---|---|---|---|
| 003 | GCL | ||
| 008 | 140319s9999 xx 000 0 eng d | ||
| 040 |
_aGCL / _cGCL |
||
| 082 | 0 | 4 |
_aCH _b823 _bS T |
| 100 | 1 | _aZUBKOV, BORIS | |
| 245 | 1 | 0 |
_aTOMORROW?, YESTERDAY? / _cZUBKOV, BORIS |
| 260 |
_a[S.N] : _bMALYSH PUBLISHERS ، _c1978 |
||
| 300 | _a25 P | ||
| 650 | 0 | 4 | _aCHILDREN - LITERATURE |
| 650 | 0 | 4 | _aCHILDREN |
| 650 | 0 | 4 | _aENGLISH FICTION |
| 650 | 0 | 4 | _aCHILDREN - FICTION |
| 942 |
_2ddc _cBK |
||
| 999 |
_c20115 _d20115 |
||